[Event "Gibraltar Amateurs B"]
[Site "Gibraltar"]
[Date "2019.01.30"]
[Round "5.7"]
[White "Carr, Jay"]
[Black "Sagar, Siya"]
[Result "0-1"]
[WhiteElo "1842"]
[BlackElo "1616"]
[PlyCount "132"]
[EventDate "2019.01.26"]
[EventType "swiss"]
[EventRounds "5"]
[EventCountry "GGB"]

1. c4 Nf6 2. g3 g6 3. Bg2 d5 4. cxd5 Nxd5 5. Nc3 Nxc3 6. bxc3 Bg7 7. Rb1 c6 8.
Nf3 O-O 9. O-O b6 10. c4 Bb7 11. Bb2 Bxb2 12. Rxb2 c5 13. d3 Nc6 14. Ne5 Qc7
15. Nxc6 Bxc6 16. Bxc6 Qxc6 17. Qc2 Rfd8 18. a4 h5 19. h4 Qf6 20. Qd2 Rd4 21.
f3 Rad8 22. Qg5 Qd6 23. Kg2 Kh7 24. Qe3 f6 25. Rfb1 Rg8 26. f4 g5 27. Qf3 Kh6
28. hxg5+ fxg5 29. Rh1 Qg6 30. f5 Qf7 31. e4 Rgd8 32. Rb3 Rg8 33. Qe3 Kh7 34.
Rbb1 h4 35. Rh3 Qg7 36. Rbh1 Rgd8 37. Rd1 Rxc4 38. Qe2 Rb4 39. Qh5+ Kg8 40.
gxh4 gxh4+ 41. Kh1 Qh7 42. Qg5+ Kf8 43. Rxh4 Qg7 44. Qh5 Qf7 45. Qh8+ Qg8 46.
Rg1 Qxh8 47. Rxh8+ Kf7 48. Rxd8 Rxa4 49. e5 b5 50. Rdg8 Rh4+ 51. Kg2 Kxg8 52.
Kf3+ Kf7 53. Rc1 Rd4 54. Ke3 Rd5 55. Ke4 e6 56. f6 a5 57. Rh1 Rd4+ 58. Ke3 a4
59. Rh7+ Kf8 60. Re7 a3 61. Rxe6 a2 62. Ra6 Ra4 63. Rb6 a1=Q 64. Rb8+ Kf7 65.
Rb7+ Kg6 66. Rg7+ Kf5 0-1

[Event "Gibraltar Amateurs B"]
[Site "Gibraltar"]
[Date "2019.01.30"]
[Round "5.8"]
[White "Mircov, Nicola-Alexandar"]
[Black "Olaizola, Miguel"]
[Result "1-0"]
[WhiteElo "1797"]
[BlackElo "1831"]
[PlyCount "71"]
[EventDate "2019.01.26"]
[EventType "swiss"]
[EventRounds "5"]
[EventCountry "GGB"]

1. e4 c5 2. Nf3 Nc6 3. d4 cxd4 4. Nxd4 g6 5. Nc3 Bg7 6. Nb3 Nf6 7. Be2 O-O 8.
f4 d6 9. O-O b5 10. Bf3 Qb6+ 11. Kh1 Bb7 12. Qe2 b4 13. Be3 Qd8 14. Nd5 Nxd5
15. exd5 Nb8 16. Bd4 Ba6 17. Qf2 Bxd4 18. Nxd4 Bxf1 19. Rxf1 Qb6 20. Qd2 a5 21.
h4 b3 22. axb3 a4 23. b4 a3 24. bxa3 Rxa3 25. h5 Ra4 26. c3 Qa6 27. Be2 Ra2 28.
Qe3 Qa7 29. f5 Ra1 30. Bd1 Nd7 31. Qxe7 Ne5 32. Qxd6 Nc4 33. Qf4 Qb8 34. Qh6
Qg3 35. f6 gxh5 36. Nf5 1-0

[Event "Gibraltar Amateurs B"]
[Site "Gibraltar"]
[Date "2019.01.30"]
[Round "5.10"]
[White "Gonzalez Pabollet, Jesus Maria S"]
[Black "Andersen, Guttorm"]
[Result "1-0"]
[WhiteElo "1875"]
[BlackElo "1801"]
[PlyCount "63"]
[EventDate "2019.01.26"]
[EventType "swiss"]
[EventRounds "5"]
[EventCountry "GGB"]

1. e4 d5 2. exd5 Nf6 3. Bb5+ Bd7 4. Bc4 b5 5. Bb3 Bf5 6. Qe2 Nxd5 7. Qxb5+ c6
8. Qe2 e6 9. Nc3 Nb4 10. d3 Nd7 11. a3 Na6 12. d4 Nc7 13. g4 Bg6 14. h4 h5 15.
g5 Nb6 16. Nf3 Bd6 17. Ne4 O-O 18. c4 Bxe4 19. Qxe4 c5 20. dxc5 Bxc5 21. Bc2 g6
22. Bf4 Ne8 23. Rd1 Qc8 24. Ne5 Nd6 25. Rxd6 Bxd6 26. Nxg6 f5 27. gxf6 Rxf6 28.
Bxd6 Qxc4 29. Ne7+ Kf8 30. Nd5+ Ke8 31. Nxf6+ Kd8 32. Rg1 1-0

[Event "Gibraltar Amateurs B"]
[Site "Gibraltar"]
[Date "2019.01.30"]
[Round "5.11"]
[White "Lochte, Szilvia"]
[Black "Mahi, Amit Doshi"]
[Result "0-1"]
[WhiteElo "1868"]
[BlackElo "1469"]
[PlyCount "52"]
[EventDate "2019.01.26"]
[EventType "swiss"]
[EventRounds "5"]
[EventCountry "GGB"]

1. c4 c6 2. g3 Nf6 3. Bg2 d5 4. Nf3 Bg4 5. Ne5 Be6 6. b3 Nbd7 7. Nxd7 Qxd7 8.
d3 g6 9. O-O Bg7 10. Bb2 Bh3 11. Nd2 h5 12. Nf3 h4 13. Bxf6 Bxf6 14. Rc1 Bxg2
15. Kxg2 hxg3 16. fxg3 Qh3+ 17. Kf2 g5 18. Rh1 g4 19. Ne1 Qh5 20. Ng2 Qf5+ 21.
Ke1 Qe5 22. Kf2 Qf5+ 23. Ke1 Qe5 24. Kf2 Bg5 25. Rc2 d4 26. Qf1 Rh6 0-1

[Event "Gibraltar Amateurs B"]
[Site "Gibraltar"]
[Date "2019.01.30"]
[Round "5.12"]
[White "Oueld El Hachemi, Abdelhaq"]
[Black "Bryant, Richard B E"]
[Result "0-1"]
[WhiteElo "1747"]
[BlackElo "1862"]
[PlyCount "124"]
[EventDate "2019.01.26"]
[EventType "swiss"]
[EventRounds "5"]
[EventCountry "GGB"]

1. d4 d5 2. Nf3 Nf6 3. e3 Bf5 4. b3 c6 5. Bb2 h6 6. Bd3 Bxd3 7. Qxd3 e6 8. Nbd2
Nbd7 9. O-O Be7 10. c4 O-O 11. e4 dxe4 12. Nxe4 Nxe4 13. Qxe4 Nf6 14. Qe2 Re8
15. Rfd1 Qb6 16. Rd3 a5 17. a4 Rad8 18. Rad1 Nd7 19. Qe4 Bf6 20. h3 g6 21. Bc1
Bg7 22. Be3 Qc7 23. Bf4 Qc8 24. h4 c5 25. d5 Nf6 26. Qe1 Nh5 27. Qd2 Nxf4 28.
Qxf4 e5 29. Nxe5 Rxe5 30. d6 Qe6 31. Qf3 Re1+ 32. Rxe1 Qxe1+ 33. Kh2 Qe5+ 34.
g3 Rxd6 35. Rxd6 Qxd6 36. Qxb7 Bc3 37. Qa8+ Kg7 38. Qf3 Bd4 39. Kg2 Qf6 40. Qe2
Qe5 41. Qf3 Qe1 42. Qf4 Qe2 43. g4 Be5 44. Qf3 Qxf3+ 45. Kxf3 h5 46. gxh5 gxh5
47. Kg2 Kf6 48. Kf3 Kf5 49. Ke3 Kg4 50. Ke4 Bd4 51. f3+ Kxh4 52. b4 axb4 53. a5
b3 54. Kd3 Be5 55. a6 Bb8 56. Kc3 Kg3 57. Kxb3 h4 58. Ka4 h3 59. Kb5 h2 60. Kb6
h1=Q 61. Kb7 Qb1+ 62. Ka8 Qb6 0-1

[Event "Gibraltar Amateurs B"]
[Site "Gibraltar"]
[Date "2019.01.30"]
[Round "5.13"]
[White "Salas Martin, Javier"]
[Black "Hermes, Geoff R"]
[Result "1-0"]
[WhiteElo "1749"]
[BlackElo "1860"]
[PlyCount "129"]
[EventDate "2019.01.26"]
[EventType "swiss"]
[EventRounds "5"]
[EventCountry "GGB"]

1. d4 d6 2. e4 Nf6 3. Nc3 c6 4. Nf3 Bg4 5. Be2 e6 6. O-O Be7 7. Be3 O-O 8. Qd2
d5 9. e5 Nfd7 10. Ng5 Bxe2 11. Nxe2 c5 12. c3 Nc6 13. f4 cxd4 14. cxd4 Nb6 15.
b3 h6 16. Nf3 Rc8 17. Rac1 Ba3 18. Rc2 Nb4 19. Rxc8 Qxc8 20. Nc3 Nc6 21. Qd3
Bb4 22. Rc1 Ba3 23. Rb1 a6 24. Bc1 Bb4 25. Bb2 Qc7 26. a3 Bxc3 27. Bxc3 Nc8 28.
Qd2 N8e7 29. Ne1 Nf5 30. g4 Nh4 31. Qf2 Qe7 32. Nd3 Rc8 33. Be1 Ng6 34. b4 b6
35. Bd2 Qh4 36. Qxh4 Nxh4 37. Be3 Nf3+ 38. Kg2 Ncxd4 39. Rc1 Rxc1 40. Bxc1 Nh4+
41. Kf2 Kf8 42. Ke3 Ndf3 43. h3 Ke7 44. a4 Kd7 45. b5 axb5 46. axb5 f6 47. Bb2
fxe5 48. Nxe5+ Nxe5 49. Bxe5 g5 50. fxg5 hxg5 51. Bf6 Ng2+ 52. Kf3 Ne1+ 53. Kg3
Nc2 54. Bxg5 e5 55. Bf6 Ke6 56. Bd8 Nd4 57. Bxb6 Nxb5 58. h4 Kf6 59. h5 d4 60.
Bd8+ Kg7 61. g5 e4 62. Bf6+ Kf7 63. Be5 Nc3 64. g6+ Kg8 65. h6 1-0

[Event "Gibraltar Amateurs B"]
[Site "Gibraltar"]
[Date "2019.01.30"]
[Round "5.14"]
[White "Haddock, Paul"]
[Black "Garcia-Blazquez Perez, Manuel"]
[Result "0-1"]
[WhiteElo "1580"]
[BlackElo "1849"]
[PlyCount "96"]
[EventDate "2019.01.26"]
[EventType "swiss"]
[EventRounds "5"]
[EventCountry "GGB"]

1. e4 c5 2. d4 cxd4 3. c3 d5 4. exd5 Qxd5 5. Nf3 e5 6. cxd4 exd4 7. Qxd4 Nf6 8.
Nc3 Qxd4 9. Nxd4 Bc5 10. Bb5+ Kf8 11. Nb3 Bb6 12. O-O Be6 13. Be3 Nbd7 14. Bxb6
Nxb6 15. Nc5 Bc4 16. Rfe1 Bxb5 17. Nxb5 a6 18. Nd6 Nbd5 19. Ncxb7 g6 20. Rac1
Kg7 21. Rc5 Rhb8 22. b3 Ra7 23. Na5 Rd7 24. Nac4 Rbd8 25. Rd1 Rxd6 26. Nxd6
Rxd6 27. Rd4 h5 28. h4 Kf8 29. Ra5 Ke7 30. f3 Ke6 31. Kf2 Rc6 32. Rd2 Nc3 33.
a3 Nfd5 34. g3 f5 35. Rd4 Ke5 36. Rc4 Kd6 37. Rxc6+ Kxc6 38. Rxa6+ Nb6 39. Ra7
Nd7 40. Ra8 Nd5 41. a4 Nc5 42. Rg8 Ne7 43. Rg7 Kd6 44. Ke3 Nxb3 45. Kf4 Nc5 46.
a5 Ne6+ 47. Ke3 Nd5+ 48. Kd3 Nxg7 0-1

[Event "Gibraltar Amateurs B"]
[Site "Gibraltar"]
[Date "2019.01.30"]
[Round "5.15"]
[White "Towers, Brian"]
[Black "Wadhwani, Sunil"]
[Result "1-0"]
[WhiteElo "1710"]
[BlackElo "1841"]
[PlyCount "85"]
[EventDate "2019.01.26"]
[EventType "swiss"]
[EventRounds "5"]
[EventCountry "GGB"]

1. d4 Nf6 2. Bf4 d6 3. Nc3 g6 4. e4 c6 5. Qd2 Bg7 6. O-O-O O-O 7. Bh6 a5 8.
Bxg7 Kxg7 9. f4 b5 10. e5 dxe5 11. fxe5 Nd5 12. Nf3 a4 13. Kb1 Bg4 14. Be2 Na6
15. h3 Be6 16. Ng5 Nxc3+ 17. Qxc3 Bd5 18. Bf3 h6 19. Ne4 b4 20. Qe3 Qa5 21. Nf2
b3 22. cxb3 axb3 23. a3 Nb4 24. Ng4 g5 25. h4 Nc2 26. Qc1 Nxa3+ 27. bxa3 b2 28.
Qe3 Qxa3 29. Qxa3 Rxa3 30. Bxd5 cxd5 31. hxg5 Rb8 32. gxh6+ Kh7 33. Nf2 Ra1+
34. Kc2 Rba8 35. Rb1 R1a4 36. Rh4 Rc4+ 37. Kd2 Raa4 38. Rxb2 Rxd4+ 39. Rxd4
Rxd4+ 40. Ke3 Rh4 41. Rb7 Kxh6 42. Rxe7 Kg6 43. Rd7 1-0

[Event "Gibraltar Amateurs B"]
[Site "Gibraltar"]
[Date "2019.01.30"]
[Round "5.17"]
[White "Thjomoe, Hans Richard"]
[Black "D`haluin, Wim"]
[Result "0-1"]
[WhiteElo "1836"]
[BlackElo "1702"]
[PlyCount "100"]
[EventDate "2019.01.26"]
[EventType "swiss"]
[EventRounds "5"]
[EventCountry "GGB"]

1. e4 c5 2. Nc3 Nc6 3. f4 d6 4. Nf3 g6 5. Bb5 Bd7 6. Bc4 Na5 7. Be2 Bg7 8. O-O
Nf6 9. d3 O-O 10. Qe1 Nc6 11. Qh4 h6 12. f5 h5 13. fxg6 fxg6 14. Qg3 Ng4 15.
Nd5 Nd4 16. Bd1 Nxf3+ 17. Bxf3 Bd4+ 18. Kh1 e6 19. Qxd6 exd5 20. Qxd5+ Kg7 21.
Bg5 Qc7 22. Bxg4 Bxg4 23. c3 Be5 24. h3 Bd7 25. Be7 Bc6 26. Bxf8+ Rxf8 27. Qxc5
Bd6 28. Qxa7 Qe7 29. Qd4+ Be5 30. Qe3 g5 31. Rxf8 Kxf8 32. Rf1+ Kg7 33. Qf3 Be8
34. g3 Bg6 35. Qe3 Bf6 36. Re1 Qe6 37. Kg2 Qxa2 38. Re2 Qa6 39. Qc5 Qxd3 40.
Qe3 Qc4 41. e5 Be7 42. e6 Qd5+ 43. Kh2 h4 44. Qd4+ Qxd4 45. cxd4 Bd6 46. Kg2
Bxg3 47. d5 Kf8 48. e7+ Ke8 49. Re3 Bf4 50. Re1 Bf7 0-1

[Event "Gibraltar Amateurs B"]
[Site "Gibraltar"]
[Date "2019.01.30"]
[Round "5.19"]
[White "Dennis, Nigel W"]
[Black "Whitworth, John"]
[Result "1/2-1/2"]
[WhiteElo "1805"]
[BlackElo "1690"]
[PlyCount "61"]
[EventDate "2019.01.26"]
[EventType "swiss"]
[EventRounds "5"]
[EventCountry "GGB"]

1. e4 e5 2. Nf3 Nc6 3. Bb5 Bc5 4. O-O Nd4 5. Nxd4 Bxd4 6. c3 Bb6 7. d4 c6 8.
Ba4 d6 9. dxe5 dxe5 10. Qxd8+ Bxd8 11. Nd2 Nf6 12. Bc2 O-O 13. Nf3 Re8 14. h3
h6 15. Be3 Bc7 16. Rad1 b6 17. c4 c5 18. Nd2 Bb7 19. f3 Rad8 20. Nb1 Rxd1 21.
Rxd1 Rd8 22. Nc3 Rxd1+ 23. Bxd1 Nd7 24. Nd5 Bd8 25. a3 Nf8 26. b4 Ne6 27. b5
Nd4 28. g3 f6 29. f4 Kf7 30. f5 g5 31. g4 1/2-1/2

[Event "Gibraltar Amateurs B"]
[Site "Gibraltar"]
[Date "2019.01.30"]
[Round "5.20"]
[White "Anjali, R. Sagar"]
[Black "Alonso Prieto, Victor"]
[Result "1-0"]
[WhiteElo "1787"]
[BlackElo "1500"]
[PlyCount "99"]
[EventDate "2019.01.26"]
[EventType "swiss"]
[EventRounds "5"]
[EventCountry "GGB"]

1. e4 e6 2. d4 d5 3. Nd2 dxe4 4. Nxe4 Bd7 5. Nf3 Bc6 6. Bd3 Bxe4 7. Bxe4 c6 8.
c3 Nf6 9. Bc2 Bd6 10. h3 Qc7 11. O-O Nbd7 12. Re1 O-O 13. Qe2 Rfe8 14. Ne5 c5
15. Nxd7 Qxd7 16. dxc5 Bxc5 17. Bg5 Be7 18. Bxf6 Bxf6 19. Qe4 g6 20. Ba4 b5 21.
Rad1 Qc7 22. Bxb5 Red8 23. Qf3 Be7 24. Ba4 Rxd1 25. Rxd1 Rd8 26. Rxd8+ Qxd8 27.
Qd1 Qxd1+ 28. Bxd1 Bf6 29. Kf1 Kf8 30. Ke2 Ke7 31. Kd3 Kd6 32. b4 Bd8 33. c4 f5
34. c5+ Kc6 35. Kc4 a6 36. Bf3+ Kc7 37. a4 e5 38. Bd5 g5 39. Be6 f4 40. f3 h5
41. b5 axb5+ 42. axb5 Kb8 43. Kd5 Bf6 44. b6 Be7 45. c6 Bf6 46. Bf5 g4 47. hxg4
hxg4 48. Bxg4 e4 49. fxe4 Bc3 50. c7+ 1-0

[Event "Gibraltar Amateurs B"]
[Site "Gibraltar"]
[Date "2019.01.30"]
[Round "5.21"]
[White "Fong, Mi Yen"]
[Black "Bizcocho Mellado, Gregorio"]
[Result "1-0"]
[WhiteElo "1687"]
[BlackElo "1771"]
[PlyCount "114"]
[EventDate "2019.01.26"]
[EventType "swiss"]
[EventRounds "5"]
[EventCountry "GGB"]

1. e4 e5 2. Nf3 Nc6 3. Bc4 Bc5 4. c3 d6 5. d3 Be6 6. Nbd2 Nf6 7. O-O h6 8. b4
Bb6 9. a4 a5 10. b5 Ne7 11. Bb3 Nd7 12. d4 Bxb3 13. Qxb3 Ng6 14. Nc4 Qe7 15.
Ne3 O-O 16. Nf5 Qe6 17. Qc2 Ne7 18. N3h4 Nxf5 19. Nxf5 Nf6 20. Re1 Qc4 21. Qd2
exd4 22. cxd4 Qb4 23. Qd1 Rae8 24. Ba3 Qc4 25. e5 dxe5 26. Bxf8 Kxf8 27. Rc1
Qe6 28. Rxe5 Qd7 29. Rxe8+ Nxe8 30. Qc2 Nf6 31. h3 Nd5 32. Rd1 Nb4 33. Qe4 Nd5
34. Qg4 g6 35. Nxh6 Qxg4 36. Nxg4 Nc3 37. Ra1 Bxd4 38. Ra3 Ne4 39. Rd3 Bb6 40.
Kf1 Nc5 41. Ra3 Kg7 42. Ne5 f6 43. Nc4 Nd7 44. Nxb6 Nxb6 45. Rc3 Na8 46. Ke2
Kf7 47. Ke3 Ke6 48. f4 Kd6 49. g4 Nb6 50. Rd3+ Ke6 51. Rd4 Nd5+ 52. Kd3 Nb6 53.
h4 Nd5 54. h5 gxh5 55. gxh5 Nb4+ 56. Kc4 Nc2 57. h6 Ne3+ 1-0

[Event "Gibraltar Amateurs B"]
[Site "Gibraltar"]
[Date "2019.01.30"]
[Round "5.23"]
[White "Escanciano Reyero, Daniel"]
[Black "Muelas Delgado, Ricardo"]
[Result "1-0"]
[WhiteElo "1732"]
[BlackElo "1626"]
[PlyCount "93"]
[EventDate "2019.01.26"]
[EventType "swiss"]
[EventRounds "5"]
[EventCountry "GGB"]

1. e4 c5 2. Nc3 a6 3. f4 b5 4. Nf3 Bb7 5. d3 e6 6. Be2 d5 7. exd5 exd5 8. O-O
Nf6 9. Re1 Be7 10. Ne5 d4 11. Ne4 Nxe4 12. dxe4 O-O 13. Bf3 Nc6 14. Nxc6 Bxc6
15. a3 c4 16. f5 f6 17. Bf4 Bd6 18. Bxd6 Qxd6 19. Qd2 Rfe8 20. Rad1 Rad8 21.
Qa5 Ba8 22. Qd2 Qc5 23. Qf2 Re5 24. Rd2 Rde8 25. Qxd4 Qxd4+ 26. Rxd4 Rxf5 27.
exf5 Rxe1+ 28. Kf2 Re8 29. Rd7 Kf8 30. Ra7 Bxf3 31. Kxf3 Re5 32. g4 g6 33. Rxa6
Kg7 34. fxg6 hxg6 35. h4 Re1 36. Rb6 Re5 37. Rb7+ Kf8 38. Kf4 c3 39. bxc3 Rc5
40. Rb6 Kf7 41. Rb7+ Kf8 42. h5 gxh5 43. gxh5 Rxh5 44. Rc7 Rh4+ 45. Kf5 Ra4 46.
Kxf6 Ke8 47. c4 1-0

[Event "Gibraltar Amateurs B"]
[Site "Gibraltar"]
[Date "2019.01.30"]
[Round "5.24"]
[White "Oliva Parra, Ernesto"]
[Black "Kuenitz, Klaus"]
[Result "0-1"]
[WhiteElo "1535"]
[BlackElo "1723"]
[PlyCount "142"]
[EventDate "2019.01.26"]
[EventType "swiss"]
[EventRounds "5"]
[EventCountry "GGB"]

1. e4 e6 2. d4 d5 3. e5 c5 4. c3 Nc6 5. Nf3 Qb6 6. a3 cxd4 7. cxd4 f6 8. b4
fxe5 9. dxe5 Qc7 10. Bb2 Nge7 11. Bb5 Bd7 12. Bd3 g6 13. O-O Bg7 14. Re1 O-O
15. Nbd2 Rac8 16. Rb1 Qb8 17. Nb3 Rxf3 18. Qxf3 Nxe5 19. Bxe5 Bxe5 20. h3 b6
21. Qg4 Rf8 22. Qg5 Bf6 23. Qg4 Qe8 24. Nd2 e5 25. Qd1 Qf7 26. Rf1 e4 27. Be2
Bd4 28. Nxe4 Be5 29. Ng5 Qf4 30. Nf3 Bb8 31. Qd4 Qd6 32. g3 Bxh3 33. Qh4 Bxf1
34. Rxf1 Nf5 35. Qh3 Re8 36. Bd1 Kg7 37. Kg2 h5 38. Rh1 Nh6 39. Qh4 Qf6 40. Qd4
Qxd4 41. Nxd4 Be5 42. Re1 Kf6 43. Nc6 Re6 44. Nxa7 Bb2 45. Rxe6+ Kxe6 46. a4
Kd7 47. b5 Nf5 48. Nc6 Kd6 49. Bc2 d4 50. Kf3 Kd5 51. Bd3 Bc1 52. Nb4+ Ke6 53.
Ke4 Bb2 54. Nd5 Nd6+ 55. Kf3 Kxd5 56. Bxg6 Kc4 57. Bxh5 d3 58. Bg6 d2 59. Ke2
Bc3 60. Bc2 Kd4 61. f3 Nc4 62. g4 Ne3 63. Bb3 Bb4 64. g5 Ng2 65. Bc2 Nf4+ 66.
Kd1 Kc3 67. g6 Bf8 68. Bf5 Nd5 69. Be4 Ne3+ 70. Ke2 d1=Q+ 71. Kf2 Qf1+ 0-1

[Event "Gibraltar Amateurs B"]
[Site "Gibraltar"]
[Date "2019.01.30"]
[Round "5.25"]
[White "Apps, Ian"]
[Black "Murray, J Stephen"]
[Result "0-1"]
[WhiteElo "1312"]
[BlackElo "1770"]
[PlyCount "76"]
[EventDate "2019.01.26"]
[EventType "swiss"]
[EventRounds "5"]
[EventCountry "GGB"]

1. d4 Nf6 2. Bf4 e6 3. c3 c5 4. e3 b6 5. Na3 Bb7 6. Nb5 d6 7. Bd3 Be7 8. Nf3 a6
9. Na3 O-O 10. Qc2 Nbd7 11. O-O-O Re8 12. h4 b5 13. Qe2 Be4 14. Rdg1 d5 15. g4
cxd4 16. g5 Bxd3 17. Qxd3 Nh5 18. Nxd4 Bxa3 19. Ne2 Bf8 20. Ng3 Nxg3 21. Rxg3
e5 22. g6 fxg6 23. Bg5 Nf6 24. h5 Qd6 25. hxg6 e4 26. Qe2 hxg6 27. Rhg1 Nh5 28.
Rg4 Ra7 29. Bh4 Re6 30. Rg5 Rf7 31. Bg3 Qc6 32. Be5 Qe8 33. Bd4 Rf3 34. Qf1 Qf7
35. R1g2 Be7 36. Re5 Rxe5 37. Bxe5 Bf6 38. Bd6 Bh4 0-1

[Event "Gibraltar Amateurs B"]
[Site "Gibraltar"]
[Date "2019.01.30"]
[Round "5.26"]
[White "Poggio, Freddie"]
[Black "Savage, Neil"]
[Result "0-1"]
[WhiteElo "1765"]
[BlackElo "1585"]
[PlyCount "118"]
[EventDate "2019.01.26"]
[EventType "swiss"]
[EventRounds "5"]
[EventCountry "GGB"]

1. Nf3 Nf6 2. d4 e6 3. e3 d5 4. Bd3 Be7 5. Nbd2 O-O 6. Qe2 b6 7. e4 dxe4 8.
Nxe4 Bb7 9. Bg5 Nxe4 10. Bxe7 Qxe7 11. Bxe4 Bxe4 12. Qxe4 Nd7 13. O-O-O Nf6 14.
Qe2 c5 15. d5 Rfe8 16. Rhe1 Qb7 17. dxe6 Rxe6 18. Qc4 Rae8 19. Rxe6 Rxe6 20.
Ng5 Re7 21. Nxf7 Kf8 22. Rd8+ Re8 23. Rxe8+ Nxe8 24. Ne5 Qe7 25. f4 Nf6 26. h3
Nd7 27. Nxd7+ Qxd7 28. Qd3 Qe7 29. Kd2 g6 30. g4 Qf6 31. Qe4 Qxb2 32. Qa8+ Kg7
33. Qxa7+ Kg8 34. Qb8+ Kf7 35. Qc7+ Ke6 36. Qc6+ Ke7 37. Qe4+ Kd6 38. a4 Qf6
39. Kd3 Qh4 40. Qe5+ Kc6 41. Qe6+ Kc7 42. Qe3 Qd8+ 43. Kc4 Qc8 44. Qe7+ Kc6 45.
Qf6+ Kc7 46. Qe7+ Kc6 47. Qe4+ Kc7 48. Kb3 Kd6 49. c4 Qf8 50. Qe5+ Kc6 51. f5
Qh6 52. Qg3 gxf5 53. g5 Qd6 54. Qxd6+ Kxd6 55. Kc3 Ke5 56. Kd3 f4 57. h4 Kf5
58. Ke2 Kg4 59. Kf2 Kxh4 0-1

[Event "Gibraltar Amateurs B"]
[Site "Gibraltar"]
[Date "2019.01.30"]
[Round "5.27"]
[White "White, Gary"]
[Black "Kearsley, Raymond J"]
[Result "1-0"]
[WhiteElo "1623"]
[BlackElo "1537"]
[PlyCount "39"]
[EventDate "2019.01.26"]
[EventType "swiss"]
[EventRounds "5"]
[EventCountry "GGB"]

1. f4 Nf6 2. Nf3 g6 3. b3 Bg7 4. Bb2 O-O 5. Nc3 d6 6. d3 c5 7. e4 Nc6 8. Qd2 b5
9. Be2 Qa5 10. O-O Bd7 11. e5 dxe5 12. Nxe5 Nxe5 13. fxe5 Ng4 14. Bxg4 Bxg4 15.
Qg5 Be6 16. Ne4 Qc7 17. Rae1 Rad8 18. Qh4 Bxe5 19. Bxe5 Qxe5 20. Nf6+ 1-0

[Event "Gibraltar Amateurs B"]
[Site "Gibraltar"]
[Date "2019.01.30"]
[Round "5.28"]
[White "Hudson, Jeremy"]
[Black "Russell, Logan"]
[Result "0-1"]
[WhiteElo "1603"]
[BlackElo "1185"]
[PlyCount "47"]
[EventDate "2019.01.26"]
[EventType "swiss"]
[EventRounds "5"]
[EventCountry "GGB"]

1. Nf3 c5 2. g3 Nc6 3. Bg2 e6 4. d3 Nf6 5. c4 Qc7 6. Nc3 a6 7. Bg5 Be7 8. O-O
b6 9. a3 Bb7 10. Rb1 d5 11. cxd5 Nxd5 12. Bd2 Ne5 13. Nxd5 Bxd5 14. Nxe5 Qxe5
15. e4 Bb7 16. Bc3 Qg5 17. f4 Qh6 18. Kh1 O-O 19. b4 f5 20. Qe2 b5 21. e5 Bxg2+
22. Qxg2 Rad8 23. Rfd1 Qh5 24. Rb2 0-1

[Event "Gibraltar Amateurs B"]
[Site "Gibraltar"]
[Date "2019.01.30"]
[Round "5.29"]
[White "Riedel, Michael"]
[Black "Harbinson, Alec Ryan"]
[Result "1/2-1/2"]
[WhiteElo "1587"]
[BlackElo "1054"]
[PlyCount "72"]
[EventDate "2019.01.26"]
[EventType "swiss"]
[EventRounds "5"]
[EventCountry "GGB"]

1. d4 d5 2. c3 Nf6 3. Bg5 c6 4. Nd2 Nbd7 5. e3 h6 6. Bxf6 Nxf6 7. Bd3 e6 8. f4
b5 9. Ngf3 Bd6 10. O-O Nd7 11. Ne5 Bxe5 12. fxe5 Qe7 13. a4 b4 14. a5 c5 15. c4
Bb7 16. Qe2 Rc8 17. Rf2 Qg5 18. Raf1 f5 19. Bxf5 exf5 20. Rxf5 Qg6 21. b3 dxc4
22. Nxc4 Kd8 23. Nd6 Kc7 24. Nxb7 Kxb7 25. d5 Rhf8 26. e4 Rxf5 27. exf5 Qa6 28.
Qxa6+ Kxa6 29. e6 Nf6 30. d6 Rd8 31. Rd1 Kb5 32. Kf1 Kc6 33. d7 Nxd7 34. Ke2
Kc7 35. exd7 Rxd7 36. Rxd7+ Kxd7 1/2-1/2

[Event "Gibraltar Amateurs B"]
[Site "Gibraltar"]
[Date "2019.01.30"]
[Round "5.30"]
[White "Ralivololona, Hanitriniaina Andri"]
[Black "Mahbubani, Arun"]
[Result "1/2-1/2"]
[WhiteElo "1399"]
[BlackElo "1261"]
[PlyCount "73"]
[EventDate "2019.01.26"]
[EventType "swiss"]
[EventRounds "5"]
[EventCountry "GGB"]

1. e4 e5 2. Nf3 Nc6 3. Bb5 d6 4. h3 Nf6 5. Nc3 Be7 6. O-O O-O 7. d4 h6 8. dxe5
Nxe5 9. Nxe5 dxe5 10. a3 a6 11. Ba4 b5 12. Bb3 Bb7 13. Qxd8 Raxd8 14. Re1 c5
15. f3 c4 16. Ba2 Bc5+ 17. Kh1 Rd7 18. Be3 Bd4 19. Bxd4 exd4 20. Ne2 Rfd8 21.
Rad1 Nh7 22. Rd2 Nf8 23. Red1 Ne6 24. a4 d3 25. cxd3 Rxd3 26. Rxd3 cxd3 27. Nc3
b4 28. Nd5 Nc5 29. a5 b3 30. Bb1 Bxd5 31. exd5 Rxd5 32. Kg1 Kf8 33. Kf2 g5 34.
Ke3 d2 35. Rxd2 Rxd2 36. Kxd2 Nb7 37. Bd3 1/2-1/2

[Event "Gibraltar Amateurs B"]
[Site "Gibraltar"]
[Date "2019.01.30"]
[Round "5.31"]
[White "Izzard, Brian J"]
[Black "Jimenez Urquijo, Juan Manuel"]
[Result "1/2-1/2"]
[WhiteElo "1670"]
[BlackElo "1570"]
[PlyCount "80"]
[EventDate "2019.01.26"]
[EventType "swiss"]
[EventRounds "5"]
[EventCountry "GGB"]

1. d4 e6 2. Nc3 c5 3. Nf3 cxd4 4. Nxd4 Nc6 5. e4 a6 6. Be2 Nf6 7. Bg5 Be7 8.
O-O Qc7 9. Nf3 d6 10. Qd2 O-O 11. a3 b5 12. Bd3 Re8 13. Rfe1 Bb7 14. Qf4 Qd8
15. Qh4 Nd7 16. e5 Nf8 17. Ne4 Ng6 18. Qh5 Ncxe5 19. Nxe5 Bxe4 20. Nxf7 Kxf7
21. Bxe7 Rxe7 22. Bxe4 d5 23. Bxg6+ hxg6 24. Qe5 Qc7 25. c3 Rh8 26. Re3 Qb6 27.
Rf3+ Kg8 28. Qg5 Qd6 29. h3 e5 30. Rd1 Rh5 31. Qg3 Qe6 32. Rfd3 Rd7 33. Kf1 Qf5
34. Qg4 Qxg4 35. hxg4 Rh1+ 36. Ke2 Rxd1 37. Rxd1 Kf7 38. Ke3 Kf6 39. Rd2 Rd6
40. f3 Ke7 1/2-1/2

[Event "Gibraltar Amateurs B"]
[Site "Gibraltar"]
[Date "2019.01.30"]
[Round "5.32"]
[White "Koreywo, Witold"]
[Black "Krause, Helmut"]
[Result "1/2-1/2"]
[WhiteElo "1553"]
[BlackElo "1668"]
[PlyCount "39"]
[EventDate "2019.01.26"]
[EventType "swiss"]
[EventRounds "5"]
[EventCountry "GGB"]

1. d4 Nf6 2. Bf4 e6 3. e3 c5 4. c3 Nc6 5. Nf3 Be7 6. h3 b6 7. Nbd2 Bb7 8. Bd3
cxd4 9. exd4 d6 10. Qe2 a6 11. a4 h6 12. Bh2 Qc8 13. Ne4 Nxe4 14. Bxe4 Na5 15.
Nd2 O-O 16. O-O Qd7 17. Bxb7 Qxb7 18. Bf4 Qd5 19. Rfe1 Bf6 20. g4 1/2-1/2

[Event "Gibraltar Amateurs B"]
[Site "Gibraltar"]
[Date "2019.01.30"]
[Round "5.33"]
[White "Elsner, Boris"]
[Black "Matto, Manuel"]
[Result "1-0"]
[WhiteElo "1491"]
[BlackElo "1769"]
[PlyCount "155"]
[EventDate "2019.01.26"]
[EventType "swiss"]
[EventRounds "5"]
[EventCountry "GGB"]

1. e4 e5 2. Nf3 Nc6 3. Bb5 d6 4. c3 Bd7 5. d4 exd4 6. cxd4 Nf6 7. Qc2 Be7 8.
Be3 O-O 9. h3 a5 10. Nc3 Nb4 11. Qb1 c6 12. Be2 h6 13. O-O Nh7 14. a3 Na6 15.
Bd3 Ng5 16. Nxg5 Bxg5 17. Qc1 f5 18. Bxg5 hxg5 19. Bc4+ Kh8 20. Qd1 g6 21. exf5
Bxf5 22. Bd3 Qf6 23. g4 Bxd3 24. Qxd3 d5 25. Rae1 Kg7 26. Qd2 Rae8 27. Rd1 Rh8
28. Qd3 Ref8 29. Kg2 Nc7 30. Rde1 Ne6 31. Ne2 Rh6 32. Qe3 Nf4+ 33. Nxf4 gxf4
34. Qe7+ Rf7 35. Qxf6+ Kxf6 36. f3 g5 37. Re8 Re7 38. Re1 Rxe1 39. Rxe1 Rh7 40.
b3 b5 41. Rc1 Rc7 42. Rc5 Ke6 43. a4 Kd6 44. Kf2 bxa4 45. bxa4 Rb7 46. Rxa5 Rb4
47. Ra8 Rxd4 48. Ke2 Rb4 49. a5 Rb2+ 50. Kd3 Rb3+ 51. Ke2 Kc5 52. Rg8 Ra3 53.
Rxg5 Rxa5 54. h4 Ra2+ 55. Kd3 Rf2 56. h5 Rxf3+ 57. Ke2 Re3+ 58. Kf2 Kd4 59. h6
Re8 60. Rh5 c5 61. g5 c4 62. h7 Rh8 63. Rh6 c3 64. g6 c2 65. Rh1 Kd3 66. Kf3
Kd2 67. Rh2+ Kd3 68. Rh1 Kd2 69. Kxf4 c1=Q 70. Rxc1 Kxc1 71. Ke5 Rd8 72. g7 d4
73. g8=Q Rxg8 74. hxg8=Q d3 75. Qg1+ Kc2 76. Qc5+ Kd1 77. Ke4 d2 78. Kd3 1-0